Szemle. II. Pius Pápa önéletrajza. Pius II.: Commentarii I. Textus II. Apparatus. Balassi Kiadó Bp. 1993, 1994. 646+233 l
Elmentve itt :
| Szerző: | |
|---|---|
| Adatforrás: | Meister |
| Forrásdokumentuma: | Erdélyi Múzeum. - 1-2 sz., 1995, 142-144 p. |
| Nyelv: | magyar |
| Kulcsszavak: | művelődéstörténet-recenzió PIUS II. (pápa) |
| LEADER | 00480nab a2200133 i 4500 | ||
|---|---|---|---|
| 001 | bibPRO00008556 | ||
| 008 | 060524s1995 xx hun | ||
| 040 | |a Sz1 | ||
| 041 | |a hun | ||
| 100 | 1 | |a SZABÓ György | |
| 245 | 1 | 0 | |a Szemle. II. Pius Pápa önéletrajza. Pius II.: Commentarii I. Textus II. Apparatus. Balassi Kiadó Bp. 1993, 1994. 646+233 l |c SZABÓ György |
| 695 | |a művelődéstörténet-recenzió | ||
| 695 | |a PIUS II. (pápa) | ||
| 773 | 0 | |t Erdélyi Múzeum. - |g 1-2 sz., 1995, 142-144 p. | |